[Event "DOM-ch"]
[Site "Santo Domingo"]
[Date "2019.05.05"]
[Round "8"]
[White "Puntier Andujar, Fausto Jiovanny"]
[Black "Fernandez Paulino, Francis M"]
[Result "0-1"]
[WhiteElo "2073"]
[BlackElo "2268"]
[PlyCount "78"]
[EventDate "2019.04.26"]
[EventType "swiss"]
[EventRounds "11"]
[EventCountry "DOM"]
[SourceTitle "CBM 190 Extra"]
[Source "ChessBase"]
[SourceDate "2019.07.15"]
[SourceVersion "1"]
[SourceVersionDate "2019.07.15"]
[SourceQuality "1"]

1. c4 c5 2. Nc3 Nc6 3. g3 g6 4. Bg2 Bg7 5. Rb1 e5 6. d3 Nge7 7. Nf3 d6 8. a3 a5 9. 0-0 0-0 10. Nd5 h6 11. Ne1 Nxd5 12. cxd5 Ne7 13. b4 cxb4 14. axb4 a4 15. Nc2 Bd7 16. Na3 b5 17. Bd2 Rc8 18. Rc1 Qb6 19. Bc3 Rxc3 20. Rxc3 e4 21. Rc2 Nxd5 22. dxe4 Ne3 23. fxe3 Qxe3+ 24. Kh1 Qxa3 25. Qxd6 Be6 26. e5 Qb3 27. Rc5 Qe3 28. Qd3 Qg5 29. Qxb5 a3 30. Qa6 a2 31. Bd5 Qxe5 32. Bxa2 Qe4+ 33. Rf3 Ra8 34. Bxe6 Rxa6 35. Bxf7+ Kh7 36. Rc8 Ra1+ 37. Kg2 Qxe2+ 38. Kh3 h5 39. Rf4 Rh1 0-1

[Event "DOM-ch"]
[Site "Santo Domingo"]
[Date "2019.04.27"]
[Round "3"]
[White "Fernandez Paulino, Francis M"]
[Black "King Soriano, Misael"]
[Result "1-0"]
[WhiteElo "2268"]
[BlackElo "1962"]
[PlyCount "49"]
[EventDate "2019.04.26"]
[EventType "swiss"]
[EventRounds "11"]
[EventCountry "DOM"]
[SourceTitle "CBM 190 Extra"]
[Source "ChessBase"]
[SourceDate "2019.07.15"]
[SourceVersion "1"]
[SourceVersionDate "2019.07.15"]
[SourceQuality "1"]

1. d4 Nf6 2. c4 e5 3. dxe5 Ng4 4. Nf3 Nc6 5. Nc3 Bb4 6. Bg5 Bxc3+ 7. bxc3 f6 8. exf6 Nxf6 9. e3 Qe7 10. Be2 b6 11. 0-0 Bb7 12. Nd4 Ne5 13. Nb5 d6 14. Bxf6 gxf6 15. f4 Rg8 16. Rf2 Ng6 17. Bf3 0-0-0 18. Nxa7+ Kb8 19. Nc6+ Bxc6 20. Bxc6 b5 21. Qb3 Qxe3 22. Qxb5+ Qb6 23. Qa4 Kc8 24. Qa8+ Qb8 25. Qa6+ 1-0

[Event "DOM-ch"]
[Site "Santo Domingo"]
[Date "2018.05.06"]
[Round "11"]
[White "Fernandez Paulino, Francis M"]
[Black "Jimenez, Maykol Gefri"]
[Result "1-0"]
[WhiteElo "2310"]
[BlackElo "2066"]
[PlyCount "45"]
[EventDate "2018.04.20"]
[EventType "swiss"]
[EventRounds "11"]
[EventCountry "DOM"]
[SourceTitle "CBM 184 Extra"]
[Source "ChessBase"]
[SourceDate "2018.06.28"]
[SourceVersion "1"]
[SourceVersionDate "2018.06.28"]
[SourceQuality "1"]

1. d4 e6 2. c4 d5 3. Nc3 Nf6 4. Nf3 Nbd7 5. e3 Bd6 6. Bd3 0-0 7. 0-0 c6 8. e4 dxc4 9. Bxc4 e5 10. Bb3 Qc7 11. h3 exd4 12. Qxd4 Ne5 13. Nxe5 Bxe5 14. Qe3 Qe7 15. f4 Bxc3 16. bxc3 Qxe4 17. Qf2 Re8 18. f5 Re5 19. Bf4 Re8 20. Bg5 Qe2 21. Qh4 Re4 22. Qg3 Kh8 23. Bxf6 1-0

[Event "DOM-ch"]
[Site "Santo Domingo"]
[Date "2018.05.05"]
[Round "10"]
[White "Medina Guzman, Braulio Silvestre"]
[Black "Fernandez Paulino, Francis M"]
[Result "0-1"]
[WhiteElo "1955"]
[BlackElo "2310"]
[PlyCount "88"]
[EventDate "2018.04.20"]
[EventType "swiss"]
[EventRounds "11"]
[EventCountry "DOM"]
[SourceTitle "CBM 184 Extra"]
[Source "ChessBase"]
[SourceDate "2018.06.28"]
[SourceVersion "1"]
[SourceVersionDate "2018.06.28"]
[SourceQuality "1"]

1. e4 c5 2. Nf3 d6 3. d4 cxd4 4. Nxd4 Nf6 5. f3 a6 6. c4 e6 7. Nc3 Be7 8. Bd3 Nc6 9. Nc2 Bd7 10. 0-0 Rc8 11. b3 Ne5 12. Bb2 0-0 13. f4 Nxd3 14. Qxd3 b5 15. cxb5 axb5 16. Ne2 Bc6 17. Ng3 Qb6+ 18. Bd4 Qb7 19. Rfe1 Rfd8 20. Bb2 d5 21. e5 Ne4 22. Bd4 b4 23. Qf3 Bb5 24. Ne3 g6 25. Qg4 Kf8 26. Qh3 h5 27. Nxh5 gxh5 28. Qxh5 Bc5 29. Bxc5+ Nxc5 30. f5 d4 31. Qh8+ Ke7 32. Qh4+ Ke8 33. fxe6 Nxe6 34. Ng4 Kd7 35. Rac1 Rc3 36. Nh6 Kc8 37. Nf5 Kb8 38. Nd6 Qc6 39. Rcd1 Rc2 40. Re4 Rg8 41. g3 Ng5 42. Qg4 Be2 43. Qxe2 Rxe2 44. Rxe2 Nh3+ 0-1

[Event "DOM-ch"]
[Site "Santo Domingo"]
[Date "2018.04.28"]
[Round "6"]
[White "Fernandez Paulino, Francis M"]
[Black "Mesa, Teofilo"]
[Result "1-0"]
[WhiteElo "2310"]
[BlackElo "2094"]
[PlyCount "59"]
[EventDate "2018.04.20"]
[EventType "swiss"]
[EventRounds "11"]
[EventCountry "DOM"]
[SourceTitle "CBM 184 Extra"]
[Source "ChessBase"]
[SourceDate "2018.06.28"]
[SourceVersion "1"]
[SourceVersionDate "2018.06.28"]
[SourceQuality "1"]

1. d4 Nf6 2. c4 d6 3. Nf3 Nbd7 4. Nc3 e5 5. g3 Be7 6. Bg2 0-0 7. 0-0 c6 8. e4 Re8 9. b3 Qa5 10. Bb2 Nf8 11. h3 a6 12. a3 Be6 13. Rc1 Rad8 14. Qe2 h6 15. b4 Qc7 16. dxe5 dxe5 17. Nd5 Qc8 18. Nxe7+ Rxe7 19. Bxe5 Bxh3 20. Bxf6 gxf6 21. Qe3 Qg4 22. Qxh6 Bxg2 23. Kxg2 Rd3 24. Qxf6 Ng6 25. Rcd1 Red7 26. Rxd3 Rxd3 27. Rh1 Qxe4 28. Re1 Qg4 29. Re8+ Nf8 30. Ng5 1-0

[Event "DOM-ch"]
[Site "Santo Domingo"]
[Date "2018.04.27"]
[Round "5"]
[White "Del Rosario Moreno, Carlos"]
[Black "Fernandez Paulino, Francis M"]
[Result "1/2-1/2"]
[WhiteElo "2117"]
[BlackElo "2310"]
[PlyCount "98"]
[EventDate "2018.04.20"]
[EventType "swiss"]
[EventRounds "11"]
[EventCountry "DOM"]
[SourceTitle "CBM 184 Extra"]
[Source "ChessBase"]
[SourceDate "2018.06.28"]
[SourceVersion "1"]
[SourceVersionDate "2018.06.28"]
[SourceQuality "1"]

1. e4 c5 2. c3 d5 3. exd5 Qxd5 4. d4 cxd4 5. cxd4 Nc6 6. Nf3 e6 7. a3 Nf6 8. Nc3 Qa5 9. Bd3 Be7 10. 0-0 0-0 11. Re1 Rd8 12. b4 Qc7 13. Bb2 Qf4 14. Ne2 Qd6 15. b5 Nb8 16. a4 a6 17. Qd2 Re8 18. Nf4 axb5 19. axb5 Rxa1 20. Rxa1 Nbd7 21. Ne5 Nb6 22. Qe2 Nbd5 23. Nh5 g6 24. Nxf6+ Bxf6 25. g3 Bg7 26. Qf3 Qe7 27. Ba3 Qf6 28. Qe2 Qd8 29. Qf3 Qf6 30. Qe2 Qd8 31. Qf3 Bxe5 32. dxe5 Qb6 33. Bd6 Bd7 34. h4 Rc8 35. h5 Qd4 36. Qd1 Nc3 37. Qf1 Ne4 38. Bxe4 Qxe4 39. Rc1 Rc2 40. Rxc2 Qxc2 41. Qa1 Qc8 42. Qa5 Kg7 43. Be7 h6 44. Bf6+ Kh7 45. hxg6+ fxg6 46. Qa3 Qe8 47. b6 Bc6 48. Qd6 g5 49. Qc7+ Qd7 1/2-1/2

[Event "DOM-ch"]
[Site "Santo Domingo"]
[Date "2018.04.22"]
[Round "4"]
[White "Fernandez Paulino, Francis M"]
[Black "Lorenzo De Los Santos, Luis L"]
[Result "1/2-1/2"]
[WhiteElo "2310"]
[BlackElo "2108"]
[PlyCount "146"]
[EventDate "2018.04.20"]
[EventType "swiss"]
[EventRounds "11"]
[EventCountry "DOM"]
[SourceTitle "CBM 184 Extra"]
[Source "ChessBase"]
[SourceDate "2018.06.28"]
[SourceVersion "1"]
[SourceVersionDate "2018.06.28"]
[SourceQuality "1"]

1. d4 Nf6 2. c4 d6 3. Nf3 Nbd7 4. Nc3 e5 5. g3 Be7 6. Bg2 0-0 7. 0-0 c6 8. e4 Qc7 9. h3 Re8 10. Re1 a6 11. Be3 b5 12. cxb5 axb5 13. a3 Bb7 14. Rc1 Qa5 15. Qb3 h6 16. Rcd1 Bf8 17. Nh4 Nb6 18. Nf5 Nc4 19. Bc1 exd4 20. Nxd4 d5 21. Qc2 b4 22. axb4 Bxb4 23. Nb3 Qb6 24. exd5 Rxe1+ 25. Rxe1 Nxd5 26. Nxd5 cxd5 27. Rd1 Rd8 28. Nd4 Bc5 29. Nf5 Ne5 30. Qe2 Ng6 31. h4 Ba6 32. Qe1 Bc8 33. Ne3 d4 34. Nd5 Qe6 35. h5 Nf8 36. b4 Qxe1+ 37. Rxe1 Bd6 38. Rd1 Ne6 39. Bb2 Kf8 40. Bxd4 Bxb4 41. Bb6 Rd6 42. Be3 Bb7 43. Rb1 Bxd5 44. Rxb4 Bxg2 45. Kxg2 Rd7 46. Rb8+ Ke7 47. g4 f5 48. gxf5 Nd4 49. Bxd4 Rxd4 50. Rb6 Ra4 51. Rg6 Ra1 52. Kg3 Kf7 53. Rb6 Ra4 54. Rg6 Ra1 55. Kg4 Ra5 56. f6 gxf6 57. Rxh6 Rg5+ 58. Kf3 Kg7 59. Rg6+ Rxg6 60. hxg6 Kxg6 61. Kf4 Kf7 62. Kf5 Kg7 63. Ke6 Kg6 64. f4 f5 65. Ke5 Kg7 66. Ke6 Kg6 67. Ke7 Kg7 68. Ke6 Kg6 69. Ke5 Kg7 70. Kxf5 Kf7 71. Ke5 Ke7 72. Kf5 Kf7 73. Kg5 Kg7 1/2-1/2

[Event "DOM-ch"]
[Site "Santo Domingo"]
[Date "2018.04.21"]
[Round "3"]
[White "Jimenez Martinez, Dario Alberto"]
[Black "Fernandez Paulino, Francis M"]
[Result "0-1"]
[WhiteElo "2019"]
[BlackElo "2310"]
[PlyCount "138"]
[EventDate "2018.04.20"]
[EventType "swiss"]
[EventRounds "11"]
[EventCountry "DOM"]
[SourceTitle "CBM 184 Extra"]
[Source "ChessBase"]
[SourceDate "2018.06.28"]
[SourceVersion "1"]
[SourceVersionDate "2018.06.28"]
[SourceQuality "1"]

1. e4 d6 2. d4 g6 3. Be3 Bg7 4. Nc3 e6 5. Qd2 Nd7 6. h4 h6 7. 0-0-0 a6 8. Kb1 Ne7 9. Nh3 b5 10. h5 g5 11. f4 g4 12. Nf2 Bb7 13. Bd3 g3 14. Nh3 Nf6 15. e5 Nfd5 16. Nxd5 Bxd5 17. Qe1 Bxg2 18. Rg1 Bxh3 19. Qxg3 Bf5 20. Qxg7 Rf8 21. Qxh6 Bxd3 22. Rxd3 Nf5 23. Qg5 d5 24. Bf2 Kd7 25. a4 Rg8 26. Qxg8 Qxg8 27. Rxg8 Rxg8 28. axb5 axb5 29. Rh3 Rh8 30. Kc1 Rh7 31. Kd2 Ng7 32. Ke2 Rxh5 33. Rxh5 Nxh5 34. Kf3 Ng7 35. Kg4 Nf5 36. Bg1 Ke7 37. Bf2 Kf8 38. Kg5 Kg7 39. Kh5 Ne7 40. Kg5 Nc6 41. c3 Ne7 42. Bg1 Nf5 43. Bf2 c6 44. Kh5 f6 45. Kg4 Kg6 46. Bg1 Nh6+ 47. Kh4 Ng8 48. Kg4 Ne7 49. Bf2 Nc8 50. Bh4 f5+ 51. Kg3 Nb6 52. Be7 Nc4 53. Ba3 Kh5 54. Kh3 Nd2 55. Be7 Nf3 56. Kg3 Ne1 57. Ba3 Nd3 58. Kf3 Kh4 59. Be7+ Kh3 60. Ba3 Ne1+ 61. Kf2 Ng2 62. Kf3 Nh4+ 63. Kf2 Kg4 64. Be7 Ng6 65. Bg5 Nxf4 66. Be7 Nd3+ 67. Ke3 Nxb2 68. Bb4 f4+ 69. Kf2 Nd3+ 0-1

[Event "DOM-ch"]
[Site "Santo Domingo"]
[Date "2018.04.21"]
[Round "2"]
[White "Reyes Capellan, Elby"]
[Black "Fernandez Paulino, Francis M"]
[Result "1/2-1/2"]
[WhiteElo "2108"]
[BlackElo "2310"]
[PlyCount "111"]
[EventDate "2018.04.20"]
[EventType "swiss"]
[EventRounds "11"]
[EventCountry "DOM"]
[SourceTitle "CBM 184 Extra"]
[Source "ChessBase"]
[SourceDate "2018.06.28"]
[SourceVersion "1"]
[SourceVersionDate "2018.06.28"]
[SourceQuality "1"]

1. c4 c5 2. Nf3 Nf6 3. Nc3 Nc6 4. d4 cxd4 5. Nxd4 d6 6. Nc2 e6 7. e4 Be7 8. Be2 b6 9. 0-0 0-0 10. f4 Bb7 11. Qe1 d5 12. cxd5 exd5 13. e5 Ne4 14. Nxe4 dxe4 15. Be3 Rc8 16. Rd1 Qc7 17. Rc1 Qb8 18. b4 a5 19. a3 axb4 20. axb4 Kh8 21. b5 Na5 22. Nd4 Bc5 23. Nf5 Bxe3+ 24. Nxe3 Nb3 25. Rc3 Nd4 26. Bg4 Rcd8 27. Nf5 Nxf5 28. Bxf5 Rd3 29. Qh4 h6 30. Rxd3 exd3 31. Bxd3 Qc7 32. Qf2 Rd8 33. Be2 Rd2 34. Qe3 Rc2 35. Rd1 Rb2 36. Bf1 Qc5 37. Qxc5 bxc5 38. Rc1 c4 39. Rxc4 Rxb5 40. Rc7 Rb1 41. Kf2 Rb2+ 42. Ke3 Bd5 43. Bd3 g6 44. Kd4 Be6 45. Rc2 Rb4+ 46. Bc4 Bxc4 47. Rxc4 Rb2 48. Rc7 Kg8 49. g4 Rxh2 50. f5 gxf5 51. gxf5 Rf2 52. f6 Rf1 53. Rc8+ Kh7 54. Rf8 Kg6 55. Ke4 Re1+ 56. Kf4 1/2-1/2

[Event "DOM-ch"]
[Site "Santo Domingo"]
[Date "2017.05.05"]
[Round "9"]
[White "Fernandez Paulino, Francis M"]
[Black "Polanco Nunez, Yoel Estarling"]
[Result "1-0"]
[WhiteElo "2278"]
[BlackElo "2183"]
[PlyCount "57"]
[EventDate "2017.04.21"]
[EventType "swiss"]
[EventRounds "11"]
[EventCountry "DOM"]
[SourceTitle "CBM 178 Extra"]
[Source "ChessBase"]
[SourceDate "2017.06.22"]
[SourceVersion "1"]
[SourceVersionDate "2017.06.22"]
[SourceQuality "1"]

1. d4 Nf6 2. c4 g6 3. Nc3 d5 4. cxd5 Nxd5 5. e4 Nb6 6. Be3 Bg7 7. a4 a5 8. Rc1 0-0 9. h3 Na6 10. Nf3 Nb4 11. Be2 c6 12. 0-0 Kh8 13. Qd2 f5 14. Bh6 fxe4 15. Nxe4 N6d5 16. Ne5 Bf5 17. Ng3 Be6 18. Bc4 Qe8 19. Rfe1 Rd8 20. Bxg7+ Kxg7 21. Re4 h6 22. Rce1 Bf5 23. Nxf5+ Rxf5 24. Ng4 Rh5 25. Re5 g5 26. Qe2 Rd7 27. Re6 Qf8 28. Qe5+ Nf6 29. Rxe7+ 1-0

[Event "DOM-ch"]
[Site "Santo Domingo"]
[Date "2016.04.15"]
[Round "9"]
[White "Pena Perez, Luis Eduardo"]
[Black "Fernandez Paulino, Francis M"]
[Result "0-1"]
[WhiteElo "2079"]
[BlackElo "2288"]
[PlyCount "70"]
[EventDate "2016.04.01"]
[EventType "swiss"]
[EventRounds "11"]
[EventCountry "DOM"]
[SourceTitle "CBM 171 Extra"]
[Source "ChessBase"]
[SourceDate "2016.04.26"]
[SourceVersion "1"]
[SourceVersionDate "2016.04.26"]
[SourceQuality "1"]

1. Nf3 Nf6 2. g3 c5 3. Bg2 Nc6 4. 0-0 d6 5. d4 cxd4 6. Nxd4 Bd7 7. Bg5 Qa5 8. Bxf6 gxf6 9. Nc3 f5 10. Nb3 Qd8 11. e3 Bg7 12. Rb1 Rc8 13. Nd5 Ne5 14. Nd4 h5 15. h4 Ng4 16. c3 e6 17. Nb4 Qb6 18. Qb3 d5 19. Nd3 Qc7 20. Nb5 Qb6 21. Nd4 Qa6 22. Nb4 Qb6 23. Nd3 Qc7 24. Nb5 Qb8 25. Na3 Bf6 26. Nf4 b6 27. Nc2 a5 28. a4 Rc4 29. Ra1 Bxh4 30. gxh4 Rxf4 31. exf4 Qxf4 32. Rfe1 Qxf2+ 33. Kh1 Qxh4+ 34. Kg1 Qf2+ 35. Kh1 h4 0-1

[Event "DOM-ch"]
[Site "Santo Domingo"]
[Date "2016.04.10"]
[Round "8"]
[White "Fernandez Paulino, Francis M"]
[Black "Tineo Rodriguez, Brian Jeremiah"]
[Result "1-0"]
[WhiteElo "2288"]
[BlackElo "2074"]
[PlyCount "99"]
[EventDate "2016.04.01"]
[EventType "swiss"]
[EventRounds "11"]
[EventCountry "DOM"]
[SourceTitle "CBM 171 Extra"]
[Source "ChessBase"]
[SourceDate "2016.04.26"]
[SourceVersion "1"]
[SourceVersionDate "2016.04.26"]
[SourceQuality "1"]

1. d4 Nf6 2. c4 g6 3. Nc3 Bg7 4. e4 d6 5. f3 0-0 6. Be3 c5 7. Nge2 Nc6 8. Qd2 Qa5 9. d5 Ne5 10. Nc1 e6 11. Be2 exd5 12. exd5 Re8 13. 0-0 a6 14. Bh6 Bxh6 15. Qxh6 Qb4 16. Nb3 Bf5 17. Qf4 Kg7 18. Rad1 Bc2 19. Rd2 Bxb3 20. axb3 Qxb3 21. g4 Qb6 22. h4 Qd8 23. Qh2 h6 24. g5 hxg5 25. hxg5 Nh5 26. f4 Nd7 27. Qg2 Qe7 28. Bxh5 Qe3+ 29. Qf2 gxh5 30. Qxe3 Rxe3 31. Kf2 Rae8 32. Re2 Rxe2+ 33. Nxe2 f6 34. Rg1 f5 35. Ng3 Kg6 36. Rh1 Rh8 37. Re1 h4 38. Re6+ Kf7 39. g6+ Kg8 40. Nxf5 Rh5 41. Re8+ Nf8 42. Nxd6 h3 43. Kg1 Kg7 44. f5 h2+ 45. Kh1 Nxg6 46. fxg6 Kxg6 47. Nxb7 Kf5 48. d6 Kg4 49. d7 Rf5 50. d8Q 1-0

[Event "DOM-ch"]
[Site "Santo Domingo"]
[Date "2016.04.03"]
[Round "4"]
[White "Fernandez Paulino, Francis M"]
[Black "Nieto Rodriguez, Alejandro"]
[Result "1-0"]
[WhiteElo "2288"]
[BlackElo "2221"]
[PlyCount "131"]
[EventDate "2016.04.01"]
[EventType "swiss"]
[EventRounds "11"]
[EventCountry "DOM"]
[SourceTitle "CBM 171 Extra"]
[Source "ChessBase"]
[SourceDate "2016.04.26"]
[SourceVersion "1"]
[SourceVersionDate "2016.04.26"]
[SourceQuality "1"]

1. Nf3 Nf6 2. g3 b6 3. Bg2 Bb7 4. d3 d5 5. Nbd2 e6 6. c3 Be7 7. Qc2 c5 8. 0-0 Nc6 9. Re1 Qc7 10. e4 0-0-0 11. exd5 Nxd5 12. Nc4 Bf6 13. a4 a6 14. Bd2 h6 15. Rac1 g5 16. d4 g4 17. Nfe5 Bxe5 18. dxe5 Kb8 19. Rcd1 Ba8 20. Qe4 h5 21. b4 cxb4 22. cxb4 Ka7 23. a5 Nce7 24. Rc1 Qb8 25. Qd4 Nf5 26. Qe4 b5 27. Nd6 Rxd6 28. exd6 Qxd6 29. Red1 Rd8 30. Bf4 Qe7 31. Qd3 Rd7 32. Be5 Bb7 33. Bd4+ Ka8 34. Bc5 Qg5 35. Qd2 Qxd2 36. Rxd2 Kb8 37. Re1 Nd6 38. Bxd5 Bxd5 39. Bxd6+ Rxd6 40. Rc1 Kb7 41. Rc5 Rc6 42. Rxc6 Kxc6 43. Kf1 e5 44. Ke2 f5 45. Ke3 Kd6 46. Rd1 Ke6 47. Rc1 Bc4 48. h3 gxh3 49. Rh1 Kd5 50. Rxh3 Bb3 51. Rxh5 Kc4 52. Rxf5 Kxb4 53. Rxe5 Kxa5 54. f4 Kb4 55. Kd2 Bc4 56. f5 Ka3 57. f6 b4 58. Ra5+ Kb2 59. Rxa6 b3 60. Rb6 Bd5 61. g4 Bc4 62. g5 Bf7 63. Rb7 Ka1 64. Ra7+ Kb1 65. Rxf7 b2 66. Rb7 1-0

[Event "DOM-ch"]
[Site "Santo Domingo"]
[Date "2016.04.02"]
[Round "2"]
[White "Fernandez Paulino, Francis M"]
[Black "Campusano Espinosa, Zoilo Nelson"]
[Result "1-0"]
[WhiteElo "2288"]
[BlackElo "2124"]
[PlyCount "65"]
[EventDate "2016.04.01"]
[EventType "swiss"]
[EventRounds "11"]
[EventCountry "DOM"]
[SourceTitle "CBM 171 Extra"]
[Source "ChessBase"]
[SourceDate "2016.04.26"]
[SourceVersion "1"]
[SourceVersionDate "2016.04.26"]
[SourceQuality "1"]

1. d4 Nf6 2. c4 e6 3. Nc3 Bb4 4. e3 b6 5. Bd3 Bb7 6. f3 Nc6 7. Nge2 d5 8. 0-0 0-0 9. a3 Be7 10. cxd5 exd5 11. b4 a6 12. Ra2 Nb8 13. g4 Nbd7 14. Ng3 g6 15. g5 Ne8 16. h4 Ng7 17. f4 c5 18. Rh2 cxd4 19. exd4 Qc7 20. Bd2 Rfe8 21. Qg4 f5 22. Qh3 Qd6 23. h5 Kf7 24. h6 Ne6 25. Nxf5 Qc6 26. Ne2 Kg8 27. Rc1 Qa4 28. Ng7 Nxg5 29. fxg5 Bd6 30. Nxe8 Rxe8 31. Rf2 Nf8 32. Nc3 Qxa3 33. Qf3 1-0

[Event "Santiago de los Caballeros op"]
[Site "Santiago de los Caballeros"]
[Date "2015.11.09"]
[Round "5"]
[White "Sanchez, Jose Rafael"]
[Black "Fernandez Paulino, Francis M"]
[Result "1/2-1/2"]
[WhiteElo "2181"]
[BlackElo "2254"]
[PlyCount "46"]
[EventDate "2015.11.06"]
[EventType "swiss"]
[EventRounds "6"]
[EventCountry "DOM"]
[SourceTitle "CBM 169 Extra"]
[Source "ChessBase"]
[SourceDate "2015.12.18"]
[SourceVersion "1"]
[SourceVersionDate "2015.12.18"]
[SourceQuality "1"]

1. e4 e5 2. Nf3 Nc6 3. Bc4 Nf6 4. d4 exd4 5. e5 d5 6. Bb5 Ne4 7. Nxd4 Bd7 8. Bxc6 bxc6 9. 0-0 Bc5 10. f3 Ng5 11. Be3 0-0 12. f4 Ne4 13. Nd2 Nxd2 14. Qxd2 Bb6 15. Nb3 Re8 16. a4 a5 17. Bc5 Be6 18. Qc3 Qb8 19. Rfe1 Rd8 20. Rad1 Bxc5+ 21. Qxc5 Qb6 22. h3 Rab8 23. g4 Bc8 1/2-1/2

[Event "DOM-ch"]
[Site "Santo Domingo"]
[Date "2015.05.15"]
[Round "9"]
[White "Belliard Alonzo, Luis Manuel"]
[Black "Fernandez Paulino, Francis M"]
[Result "0-1"]
[WhiteElo "2126"]
[BlackElo "2270"]
[PlyCount "94"]
[EventDate "2015.05.01"]
[EventType "swiss"]
[EventRounds "11"]
[EventCountry "DOM"]
[SourceTitle "CBM 166 Extra"]
[Source "ChessBase"]
[SourceDate "2015.06.18"]
[SourceVersion "1"]
[SourceVersionDate "2015.06.18"]
[SourceQuality "1"]

1. e4 g6 2. Nc3 Bg7 3. f4 d6 4. Nf3 Nf6 5. d4 0-0 6. e5 Ne8 7. Be3 c5 8. dxc5 Qa5 9. cxd6 exd6 10. Qd5 Qb4 11. Qb5 Qxb5 12. Bxb5 Nc7 13. 0-0-0 dxe5 14. Bc5 exf4 15. Bxf8 Bxf8 16. Bc4 Nc6 17. Nd5 Ne6 18. Nf6+ Kg7 19. Nd7 Be7 20. Rhe1 Ncd8 21. Nde5 Bc5 22. Kb1 Be3 23. Bb3 h6 24. Nc4 Bc5 25. Nd6 Be3 26. Ne5 h5 27. Nxc8 Rxc8 28. Bxe6 Nxe6 29. Rd7 Kf6 30. Nd3 h4 31. h3 Nc5 32. Nxc5 Rxc5 33. c3 Rg5 34. Re2 Rg3 35. Kc2 g5 36. Rd1 Ke5 37. c4 f5 38. b4 g4 39. hxg4 fxg4 40. Rh1 Kd4 41. c5 h3 42. gxh3 f3 43. Rd1+ Ke4 44. Ree1 Rxh3 45. Rd7 Rh2+ 46. Kc3 Re2 47. Rh1 f2 0-1

[Event "DOM-ch"]
[Site "Santo Domingo"]
[Date "2015.05.03"]
[Round "4"]
[White "Duarte, Martirez"]
[Black "Fernandez Paulino, Francis M"]
[Result "0-1"]
[WhiteElo "2188"]
[BlackElo "2270"]
[PlyCount "170"]
[EventDate "2015.05.01"]
[EventType "swiss"]
[EventRounds "11"]
[EventCountry "DOM"]
[SourceTitle "CBM 166 Extra"]
[Source "ChessBase"]
[SourceDate "2015.06.18"]
[SourceVersion "1"]
[SourceVersionDate "2015.06.18"]
[SourceQuality "1"]

1. d4 Nf6 2. c4 g6 3. Nc3 c5 4. Nf3 Bg7 5. g3 0-0 6. Bg2 cxd4 7. Nxd4 Nc6 8. 0-0 Nxd4 9. Qxd4 d6 10. Qh4 Qa5 11. Bg5 Be6 12. a3 Rac8 13. Nd5 Bxd5 14. cxd5 Rc2 15. b4 Qa6 16. e4 Rfc8 17. Rac1 Rxc1 18. Rxc1 Rxc1+ 19. Bxc1 Qe2 20. Be3 b6 21. Qf4 Qd1+ 22. Bf1 Ng4 23. h3 Nxe3 24. Qxe3 Bd4 25. Qd3 Qa1 26. Kg2 h5 27. h4 Qb2 28. Be2 Qa1 29. Qd1 Qc3 30. Qd3 Qb2 31. Qc4 Qa1 32. a4 a5 33. bxa5 bxa5 34. Qc2 Bc5 35. Bb5 Qd4 36. Bc6 Qf6 37. Qd2 Qe5 38. Qf4 Qb2 39. Be8 Qg7 40. Bc6 Kf8 41. Qf3 Qd4 42. Bd7 Qd2 43. Qf4 Qd4 44. Qh6+ Kg8 45. Qf4 Kg7 46. Be8 f6 47. Bc6 Qb2 48. Bd7 Bd4 49. Bb5 Qc2 50. Qf3 Qd2 51. Qe2 Qc3 52. Qc4 Qd2 53. Qe2 Qc1 54. Qc4 Qb2 55. Qe2 Qa1 56. Qc2 Bc5 57. Qe2 Kf7 58. Qd2 Qe5 59. Qh6 Qxe4+ 60. Kh2 Qxd5 61. Bd7 e5 62. Qh7+ Kf8 63. Qh8+ Qg8 64. Qxf6+ Qf7 65. Qxf7+ Kxf7 66. Kg2 d5 67. Bc6 Ke6 68. Be8 Kf6 69. Bc6 d4 70. Be4 g5 71. Bd3 gxh4 72. gxh4 Be7 73. Kg3 Ke6 74. Bg6 Kd5 75. Bxh5 e4 76. Bf7+ Ke5 77. h5 Bg5 78. Kg2 d3 79. Kf1 Kd4 80. Bg6 Ke5 81. f3 d2 82. Ke2 exf3+ 83. Kd1 Kd4 84. Bf5 Ke3 85. Bg4 Kf2 0-1

[Event "San Sebastian Mendez Memorial 2nd"]
[Site "San Sebastian del Pepino"]
[Date "2015.01.17"]
[Round "4"]
[White "Aneses Bocanegra, Omar"]
[Black "Fernandez Paulino, Francis M"]
[Result "0-1"]
[WhiteElo "2005"]
[BlackElo "2264"]
[PlyCount "35"]
[EventDate "2015.01.14"]
[EventType "swiss"]
[EventRounds "9"]
[EventCountry "PUR"]
[SourceTitle "EXT 2016"]
[Source "ChessBase"]
[SourceDate "2015.10.08"]
[SourceVersion "1"]
[SourceVersionDate "2015.10.08"]
[SourceQuality "1"]

1. d4 Nf6 2. c4 a6 3. Nc3 c5 4. d5 b5 5. cxb5 axb5 6. Nxb5 Qa5+ 7. Nc3 Bb7 8. Bd2 Qb6 9. e4 e6 10. Bc4 Nxe4 11. Nge2 Nxd2 12. Qxd2 Be7 13. 0-0 0-0 14. f4 g6 15. Ne4 Ba6 16. b3 Qb4 17. Qc2 exd5 18. Bxd5 0-1

[Event "San Sebastian Mendez Memorial 2nd"]
[Site "San Sebastian del Pepino"]
[Date "2015.01.14"]
[Round "1"]
[White "Fernandez Paulino, Francis M"]
[Black "Cruz Serrano, Victor"]
[Result "1-0"]
[WhiteElo "2264"]
[BlackElo "1862"]
[PlyCount "95"]
[EventDate "2015.01.14"]
[EventType "swiss"]
[EventRounds "9"]
[EventCountry "PUR"]
[SourceTitle "EXT 2016"]
[Source "ChessBase"]
[SourceDate "2015.10.08"]
[SourceVersion "1"]
[SourceVersionDate "2015.10.08"]
[SourceQuality "1"]

1. d4 Nf6 2. c4 g6 3. Nc3 Bg7 4. e4 d6 5. f3 0-0 6. Be3 Na6 7. Nge2 c5 8. d5 Nc7 9. Qd2 a6 10. h4 b5 11. h5 b4 12. Nd1 Re8 13. hxg6 fxg6 14. Nf2 e6 15. dxe6 Nxe6 16. 0-0-0 Qa5 17. Kb1 Bb7 18. Nc1 Red8 19. Bd3 Qc7 20. Ne2 a5 21. Nf4 Nf8 22. g4 Qf7 23. Rh2 N6d7 24. Rdh1 Ne5 25. Qe2 Rd7 26. g5 Ba6 27. Rc1 a4 28. Rh3 Rb8 29. Nd5 Bb7 30. f4 Bxd5 31. cxd5 Nxd3 32. Qxd3 a3 33. b3 Bb2 34. Ng4 Qg7 35. Rc2 Rdb7 36. Rhh2 Rc7 37. Rxb2 axb2 38. Nf6+ Kf7 39. e5 Rb6 40. Qe4 dxe5 41. fxe5 Ra6 42. d6 Rca7 43. Bxc5 Ra8 44. Qb7+ Nd7 45. Qxd7+ Kf8 46. Nxh7+ Kg8 47. Nf6+ Kf8 48. Rh8+ 1-0

[Event "Duran zt 2.3.5"]
[Site "Duran"]
[Date "2012.03.11"]
[Round "9"]
[White "Fernandez Paulino, Francis M"]
[Black "Joseph, Marcus"]
[Result "1-0"]
[WhiteElo "2315"]
[BlackElo "2198"]
[PlyCount "67"]
[EventDate "2012.03.05"]
[EventType "swiss"]
[EventRounds "9"]
[EventCountry "ECU"]
[SourceTitle "EXT 2023"]
[Source "ChessBase"]
[SourceDate "2022.10.05"]
[SourceVersion "1"]
[SourceVersionDate "2022.10.05"]
[SourceQuality "1"]

1. d4 Nf6 2. c4 e6 3. Nc3 Bb4 4. e3 c5 5. Nf3 d6 6. Bd3 Nc6 7. 0-0 0-0 8. a3 Bxc3 9. bxc3 e5 10. dxe5 dxe5 11. e4 Ne8 12. Be3 b6 13. Qc2 Qe7 14. Nd2 Nd6 15. Rad1 Ba6 16. f4 f6 17. Qa4 Bb7 18. f5 Rfd8 19. Bb1 Qd7 20. Nb3 Qc7 21. Rfe1 Rf8 22. Bf2 Ne7 23. Nd2 Qc6 24. Qc2 Ndxf5 25. Nf1 Nd6 26. Ne3 Ng6 27. Nd5 Nxc4 28. Qe2 Nxa3 29. Ba2 Qa4 30. c4 Bxd5 31. exd5 Nc2 32. Bb1 Nxe1 33. Rxe1 b5 34. Qh5 1-0